Bundesliga Captains 25/26 - Statistiken

Allgemein
  • Dieses Quiz wurde 45 mal gespielt
  • Das Durchschnittsergebnis liegt bei 11 aus 18
Antwortstatistiken
Club Captain % Korrekt
FC Bayern München Manuel Neuer
98%
Borussia Dortmund Emre Can
85%
Bayer 04 Leverkusen Robert Andrich
83%
SC Freiburg Christian Günter
76%
Eintracht Frankfurt Robin Koch
76%
RB Leipzig David Raum
71%
VFB Stuttgart Atakan Karazor
63%
SV Werder Bremen Marco Friedl
61%
TSG Hoffenheim Oliver Baumann
61%
Hamburger SV Yussuf Poulsen
61%
VFL Wolfsburg Maximilian Arnold
56%
1.FC Union Berlin Christopher Trimmel
49%
FC St.Pauli Jackson Irvine
49%
1.FC Köln Marvin Schwäbe
49%
Borussia Mönchengladbach Tim Kleindienst
49%
FC Augsburg Jeffrey Gouweleeuw
41%
1.FC Heidenheim Patrick Mainka
34%
1.FSV Mainz 05 Silvan Widmer
29%
Keine übereinstimmenden Quizze gefunden
Verteilung der Resultate
Anzahl Personen mit jedem Resultat
Perzentil nach korrekt beantworteten Fragen
Ihre Resultats-Entwicklung
Sie haben dieses Quiz noch nicht gespielt